000 00960nam a22002657a 4500
999 _c63741
_d63741
005 20240530110656.0
008 171220s2002 ua fk f b 000 0 ara d
017 _a98/4062
_bمصر . دار الكتب المصرية
020 _a9771956493
040 _aEG-CaGPL
082 0 4 _221
_a709.024/
_bم ف
100 0 _aمحسن محمد عطية .
245 1 2 _aالفن والجمال في عصر النهضة /
_cمحسن محمد عطية .
260 _aالقاهرة :
_bعالم الكتب ،
_c2002 .
300 _a210 ص :
_bايض ؛
_c24 سم
504 _aببليوجرافية : ص 206 - 209
650 0 7 _2qrmak
_aالفن القوطي
650 0 7 _2qrmak
_aالنحت
_xتاريخ
650 0 7 _2qrmak
_aالتصوير
_xتاريخ
650 0 7 _2qrmak
_aعصر النهضة (1300 - 1494)
653 0 4 _aمايكل انجلو
653 0 4 _aليوناردو دافنشي
942 _2ddc
_cBK